| 000 | 00656nam a2200217Ia 4500 | ||
|---|---|---|---|
| 003 | GCL | ||
| 005 | 20240530105403.0 | ||
| 008 | 140319s9999 xx 000 0 ara d | ||
| 040 |
_aGCL / _cGCL |
||
| 082 | 0 | 4 |
_a346.03 _bم ق |
| 100 | 1 | _aمعوض عبدالتواب | |
| 245 | 1 | 0 |
_aالقذف والسب والبلاغ الكاذب / _cمعوض عبدالتواب |
| 260 |
_a[S.N] : _bدار المطبوعات الجامعية ، _c1988 |
||
| 300 | _a387 ص | ||
| 650 | 0 | 4 | _aالقانون |
| 650 | 0 | 4 | _aالجريمة والمجرمون |
| 650 | 0 | 4 | _aالقانون المدنى |
| 650 | 0 | 4 | _aالقذف |
| 650 | 0 | 4 | _aالسب |
| 942 |
_2ddc _cBK |
||
| 999 |
_c55535 _d55535 |
||